000
00336 a2200109 4500
001
ART_18430
005
20260410161702.0
008
260409a
245
1
0
_a
Determinación del impuesto a las ganancia mínimo presunta
100
1
_a
Nuñez, Eduardo José
773
0
_t
Revista Impuestos
_g
- Nº 1 (ene. 2013)
_w
REV639
999
_c
15234
_d
15234